000 00489nam a2200181Ia 4500
008 100920s9999 xx 000 0 und d
082 _b4595
_a19 थ 56
100 _aOUTLINE A. DRAFT
245 _aSECOND FIVE YEAR PLAN.
260 _bPLANNING COMMISSION GOVERMENT OF INDIA.
_c1956
300 _a196
_bसाधी
365 _b0
520 _aबी.आय.
630 _aSECOND FIVE YEAR PLAN.
650 _aबी.आय.
730 _aSECOND FIVE YEAR PLAN.
942 _cBOOK
999 _c674046
_d674043